Book of english prose (Record no. 131966)

MARC details
000 -LEADER
fixed length control field 00426nam a2200181Ia 4500
003 - CONTROL NUMBER IDENTIFIER
control field OSt
005 - DATE AND TIME OF LATEST TRANSACTION
control field 20260214094306.0
008 - FIXED-LENGTH DATA ELEMENTS--GENERAL INFORMATION
fixed length control field 210210b1914 xxu||||| |||| 00| 0 eng d
040 ## - CATALOGING SOURCE
Original cataloging agency AL
Transcribing agency
041 ## - LANGUAGE CODE
Language code of text/sound track or separate title eng
082 ## - DEWEY DECIMAL CLASSIFICATION NUMBER
Classification number 822/938
100 ## - MAIN ENTRY--PERSONAL NAME
Personal name Patridge E
9 (RLIN) 33325
245 ## - TITLE STATEMENT
Title Book of english prose
260 ## - PUBLICATION, DISTRIBUTION, ETC.
Place of publication, distribution, etc. London
Name of publisher, distributor, etc. Edward Arnold & Co.
Date of publication, distribution, etc. 1914
690 ## - LOCAL SUBJECT ADDED ENTRY--TOPICAL TERM (OCLC, RLIN)
Topical term or geographic name as entry element English Prose
9 (RLIN) 33330
906 ## - LOCAL DATA ELEMENT F, LDF (RLIN)
a 013121
942 ## - ADDED ENTRY ELEMENTS (KOHA)
Source of classification or shelving scheme Dewey Decimal Classification
Koha item type Book
Holdings
Withdrawn status Lost status Source of classification or shelving scheme Damaged status Not for loan Collection code Home library Current library Date acquired Cost, normal purchase price Total Checkouts Full call number Barcode Date last seen Price effective from Koha item type
    Dewey Decimal Classification     English St Aloysius Library St Aloysius Library 02/17/2021 0.00   822/938 013121 02/17/2021 02/17/2021 Book
    Dewey Decimal Classification     English St Aloysius Library St Aloysius Library 02/17/2021 0.00   822/939 013122 02/17/2021 02/17/2021 Book
    Dewey Decimal Classification     English St Aloysius Library St Aloysius Library 02/17/2021 0.00   822/940 013123 02/17/2021 02/17/2021 Book